Análisis de recursos turísticos del cantón de Escazú (Registro nro. 7182)
[ vista simple ]
| 000 -LEADER | |
|---|---|
| fixed length control field | 00866nmm a22003137a 4500 |
| 005 - DATE AND TIME OF LATEST TRANSACTION | |
| control field | 20170214132042.0 |
| 008 - FIXED-LENGTH DATA ELEMENTS--GENERAL INFORMATION | |
| fixed length control field | 150727b xxu||||| |||| 00| | spa d |
| 041 ## - LANGUAGE CODE | |
| Language code of text/sound track or separate title | Español |
| 082 ## - DEWEY DECIMAL CLASSIFICATION NUMBER | |
| Classification number | GT 34 |
| 100 ## - MAIN ENTRY--AUTHOR NAME | |
| Personal name | Aparicio Valerín, Alison |
| 100 ## - MAIN ENTRY--AUTHOR NAME | |
| Personal name | Obregón Chavarría, Kevin |
| 100 ## - MAIN ENTRY--AUTHOR NAME | |
| Personal name | Sandoval Rojas, Flavio |
| 100 ## - MAIN ENTRY--AUTHOR NAME | |
| Personal name | Solís Moya, Yeiner |
| 245 ## - TITLE STATEMENT | |
| Title | Análisis de recursos turísticos del cantón de Escazú |
| 260 ## - PUBLICATION, DISTRIBUTION, ETC. (IMPRINT) | |
| Year of publication | 2015 |
| 502 ## - DISSERTATION NOTE | |
| Dissertation note | |
| 650 ## - SUBJECT ADDED ENTRY--TOPICAL TERM | |
| Topical Term | CANTÓN DE ESCAZÚ |
| 650 ## - SUBJECT ADDED ENTRY--TOPICAL TERM | |
| Topical Term | COSTA RICA |
| 650 ## - SUBJECT ADDED ENTRY--TOPICAL TERM | |
| Topical Term | HISTORIA |
| 650 ## - SUBJECT ADDED ENTRY--TOPICAL TERM | |
| Topical Term | POBLACIÓN |
| 650 ## - SUBJECT ADDED ENTRY--TOPICAL TERM | |
| Topical Term | ATRACTIVOS TURÍSTICOS |
| 650 ## - SUBJECT ADDED ENTRY--TOPICAL TERM | |
| Topical Term | ESCUDO |
| 650 ## - SUBJECT ADDED ENTRY--TOPICAL TERM | |
| Topical Term | BANDERA |
| 650 ## - SUBJECT ADDED ENTRY--TOPICAL TERM | |
| Topical Term | HIMNO |
| 650 ## - SUBJECT ADDED ENTRY--TOPICAL TERM | |
| Topical Term | FLORA |
| 650 ## - SUBJECT ADDED ENTRY--TOPICAL TERM | |
| Topical Term | FAUNA |
| 650 ## - SUBJECT ADDED ENTRY--TOPICAL TERM | |
| Topical Term | EMPLEO |
| 942 ## - ADDED ENTRY ELEMENTS (KOHA) | |
| Koha item type | Geografía Turística |
| Withdrawn status | Lost status | Damaged status | Not for loan | Home library | Current library | Date acquired | Precio de compra | Total Checkouts | Full call number | Accession Number | Date last seen | Price effective from | Koha item type |
|---|---|---|---|---|---|---|---|---|---|---|---|---|---|
| Departamento de Biblioteca y Documentación Alfonso Chase Brenes | Departamento de Biblioteca y Documentación Alfonso Chase Brenes | 14/02/2017 | 62720.00 | GT 34 | GT34 | 11/07/2017 | 14/02/2017 | Geografía Turística |